Integrovanie systémov manažérstva

Základné východiská systémov manažérstva. Prepojenie podnikateľskej filozofie a modelu systému manažérstva. Štandardizácia systémov manažérstva. Systémy manažérstva a ich integrácia.

Guardado en:
Detalles Bibliográficos
Autor principal: Mizla, Martin, 1955-
Formato: Capítulo de libro
Lenguaje:eslovaco
Materias:
Etiquetas: Agregar Etiqueta
Sin Etiquetas, Sea el primero en etiquetar este registro!

MARC

LEADER 00000naa$a2200000$$$4500
001 0250783
005 20240502074024.1
041 0 |a slo 
044 |a SK 
245 1 0 |a Integrovanie systémov manažérstva  |c Martin Mizla 
520 |a Základné východiská systémov manažérstva. Prepojenie podnikateľskej filozofie a modelu systému manažérstva. Štandardizácia systémov manažérstva. Systémy manažérstva a ich integrácia. 
610 2 0 |a štandardizácia 
610 2 0 |a štandardy 
610 2 0 |a normy ISO 
610 2 0 |a systémy riadenia 
610 2 0 |a systémy integrované manažérske 
100 1 |a Mizla, Martin, 1955-